[Event "V Floripa Chess Open 2019"]
[Site "Florianopolis/SC"]
[Date "2019.01.27"]
[Round "10.27"]
[White "Lage, Pedro Ferreira"]
[Black "Muniz, Rafael"]
[Result "0-1"]
[WhiteElo "1986"]
[BlackElo "2236"]
[PlyCount "68"]
[EventDate "2019.01.21"]
[EventRounds "10"]
[EventCountry "BRA"]

1. Nf3 Nf6 2. c4 c5 3. Nc3 e6 4. d4 cxd4 5. Nxd4 Nc6 6. g3 Qb6 7. Nxc6 Qxc6 8. f3 Qxc4 9. e3 Qc7 10. Bd3 d5 11. O-O a6 12. e4 b5 13. Bf4 Qb6+ 14. Kh1 Bb7 15. e5 Nd7 16. a4 b4 17. a5 Qc7 18. Ne2 Be7 19. Qa4 O-O 20. Rac1 Qd8 21. Bb1 g6 22. Be3 Nxe5 23. Bb6 Qe8 24. Qxe8 Rfxe8 25. Rc7 Bc8 26. f4 Nc4 27. b3 Nd2 28. Rfc1 Nxb1 29. Rxb1 Bf6 30. Bd4 Bd8 31. Rc5 f6 32. Rbc1 Bb7 33. Rc7 Bxc7 34. Rxc7 e5 0-1

[Event "V Floripa Chess Open 2019"]
[Site "Florianopolis/SC"]
[Date "2019.01.27"]
[Round "10.28"]
[White "Cruz, William Ferreira Da"]
[Black "Moreira, Ronaldo Alonso"]
[Result "1-0"]
[WhiteElo "2232"]
[BlackElo "2043"]
[PlyCount "71"]
[EventDate "2019.01.21"]
[EventRounds "10"]
[EventCountry "BRA"]

1. d4 d5 2. c4 c6 3. Nc3 Nf6 4. Nf3 dxc4 5. e4 b5 6. e5 Nd5 7. a4 b4 8. Ne4 Bf5 9. Ng3 Bg6 10. e6 fxe6 11. Bxc4 Nd7 12. O-O Bf7 13. Qe2 h6 14. Re1 g6 15. Bd3 Rg8 16. a5 e5 17. Nxe5 Nxe5 18. dxe5 e6 19. Ne4 g5 20. Qc2 Rc8 21. Be3 Nxe3 22. Rxe3 Be7 23. a6 Qd4 24. Rae1 Kf8 25. Nf6 Rh8 26. Rf3 Kg7 27. h4 Rhd8 28. hxg5 hxg5 29. Qc1 Qh4 30. Re4 Qh6 31. Rg4 Rxd3 32. Rxg5+ Bg6 33. Rxd3 Bxf6 34. exf6+ Kxf6 35. Qf4+ Ke7 36. Rh3 1-0

[Event "V Floripa Chess Open 2019"]
[Site "Florianopolis/SC"]
[Date "2019.01.27"]
[Round "10.29"]
[White "Burgos, Marcelo Alves"]
[Black "Almeida Junior, Alvaro Alves De"]
[Result "1/2-1/2"]
[WhiteElo "2198"]
[BlackElo "2039"]
[PlyCount "121"]
[EventDate "2019.01.21"]
[EventRounds "10"]
[EventCountry "BRA"]

1. Nf3 Nc6 2. d4 d5 3. Bf4 Bg4 4. Nbd2 e6 5. c3 Bd6 6. Ne5 Bxe5 7. Bxe5 Nxe5 8. dxe5 Bh5 9. Qb3 Ne7 10. e3 O-O 11. Be2 Bg6 12. O-O c5 13. Qxb7 Rb8 14. Qxa7 Rxb2 15. Rfd1 Bc2 16. Re1 c4 17. e4 Ng6 18. exd5 exd5 19. Qd4 Qg5 20. Nf3 Qd8 21. Nd2 Bd3 22. Qe3 Nxe5 23. Qxe5 Rxd2 24. Bxd3 Rxd3 25. Rad1 Qa5 26. Rxd3 cxd3 27. Qd4 Qb5 28. h3 Qc4 29. Rd1 Qxd4 30. cxd4 Ra8 31. Rxd3 Rxa2 32. Rb3 g6 33. Rb5 Kf8 34. Rxd5 Ke7 35. g4 Rd2 36. Kg2 Ke6 37. Re5+ Kd6 38. Re4 Rd3 39. g5 Ra3 40. f3 Ra5 41. Rg4 h5 42. gxh6 Rh5 43. Kg3 Rxh6 44. Rh4 Rxh4 45. Kxh4 f6 46. f4 Kd5 47. f5 g5+ 48. Kg4 Kxd4 49. h4 gxh4 50. Kxh4 Ke4 51. Kg4 Ke5 52. Kg3 Kxf5 53. Kf3 Kg5 54. Kg3 f5 55. Kf3 f4 56. Kf2 Kg4 57. Kg2 f3+ 58. Kf2 Kf4 59. Kf1 Kg3 60. Kg1 f2+ 61. Kf1 1/2-1/2

[Event "V Floripa Chess Open 2019"]
[Site "Florianopolis/SC"]
[Date "2019.01.27"]
[Round "10.30"]
[White "Librelato, Kathie Goulart"]
[Black "Pereira, Geanfrancesco"]
[Result "0-1"]
[WhiteElo "2187"]
[BlackElo "2028"]
[PlyCount "104"]
[EventDate "2019.01.21"]
[EventRounds "10"]
[EventCountry "BRA"]

1. e4 c5 2. Nf3 d6 3. d4 cxd4 4. Nxd4 Nf6 5. Nc3 g6 6. Be2 Bg7 7. O-O O-O 8. Kh1 Nbd7 9. Nb3 a6 10. Bg5 b5 11. f3 Bb7 12. Qd2 Re8 13. a4 b4 14. Nd1 d5 15. Qxb4 Rb8 16. exd5 Nxd5 17. Qd2 Qc7 18. c4 Nb4 19. Nc3 Ne5 20. c5 Red8 21. Qf4 Nd5 22. Qg3 Nxc3 23. bxc3 Bxf3 24. Rxf3 Rxb3 25. Bc4 Rb7 26. Bf4 Qxc5 27. Bxe5 Qxc4 28. Bxg7 Kxg7 29. Rf4 Qe2 30. Raf1 e5 31. R4f2 Rd1 32. Kg1 Rxf1+ 33. Rxf1 Rd7 34. Qg5 f5 35. h3 h6 36. Qh4 Qe3+ 37. Kh2 Qxc3 38. Rd1 Qc7 39. Rb1 e4+ 40. Kh1 Qc2 41. Rf1 Qe2 42. Qf4 Rd1 43. Qc7+ Kf6 44. Qc3+ Kg5 45. Rxd1 Qxd1+ 46. Kh2 Qd6+ 47. Kh1 Qd3 48. Qc1+ e3 49. Qe1 e2 50. Qc1+ Kh5 51. g4+ Kh4 52. Qe1+ Kxh3 0-1

[Event "V Floripa Chess Open 2019"]
[Site "Florianopolis/SC"]
[Date "2019.01.27"]
[Round "10.31"]
[White "Bueno, Alfeu Junior Varela"]
[Black "Tomiello, Mateus Costamilan"]
[Result "1-0"]
[WhiteElo "2179"]
[BlackElo "2004"]
[PlyCount "59"]
[EventDate "2019.01.21"]
[EventRounds "10"]
[EventCountry "BRA"]

1. e4 c5 2. Nc3 d6 3. f4 Nc6 4. Bb5 e6 5. Bxc6+ bxc6 6. d3 Nf6 7. Nf3 Be7 8. O-O O-O 9. e5 Nd5 10. Ne4 dxe5 11. fxe5 Kh8 12. Qe1 f5 13. exf6 gxf6 14. Qh4 Rg8 15. b3 Rg6 16. Bb2 e5 17. Qf2 Qc7 18. Rae1 Bg4 19. Nh4 Rg7 20. Nf5 Bxf5 21. Qxf5 a5 22. c4 Nf4 23. Rxf4 exf4 24. Nxf6 Rf8 25. Qe6 f3 26. Ng4 Bh4 27. Rf1 f2+ 28. Nxf2 Qf4 29. Bxg7+ Kxg7 30. Qg4+ 1-0

[Event "V Floripa Chess Open 2019"]
[Site "Florianopolis/SC"]
[Date "2019.01.27"]
[Round "10.32"]
[White "Bassani, Jaison Jose"]
[Black "Viana, Dirceu"]
[Result "1/2-1/2"]
[WhiteElo "1959"]
[BlackElo "2173"]
[PlyCount "40"]
[EventDate "2019.01.21"]
[EventRounds "10"]
[EventCountry "BRA"]

1. e4 e6 2. d4 d5 3. Nd2 a6 4. Ngf3 c5 5. c3 Nc6 6. Bd3 cxd4 7. cxd4 dxe4 8. Nxe4 Bb4+ 9. Nc3 Nf6 10. O-O O-O 11. a3 Be7 12. Bc2 Qd6 13. Qd3 Rd8 14. Rd1 g6 15. Qd2 Bf8 16. Qg5 Nd5 17. Nh4 f6 18. Nxd5 exd5 19. Bf4 Qe7 20. Qg3 Qe6 1/2-1/2

[Event "V Floripa Chess Open 2019"]
[Site "Florianopolis/SC"]
[Date "2019.01.27"]
[Round "10.33"]
[White "Cordioli, Jairo Ribeiro"]
[Black "Madeira, Wagner Martins"]
[Result "1/2-1/2"]
[WhiteElo "1872"]
[BlackElo "2170"]
[PlyCount "95"]
[EventDate "2019.01.21"]
[EventRounds "10"]
[EventCountry "BRA"]

1. d4 Nf6 2. Nf3 c5 3. d5 e6 4. Nc3 d6 5. e4 exd5 6. exd5 Bg4 7. Bb5+ Nbd7 8. O-O Be7 9. Bg5 O-O 10. h3 Bh5 11. Be2 Ne8 12. Bxe7 Qxe7 13. Re1 Qf6 14. Ne4 Qxb2 15. Rb1 Qxa2 16. Rxb7 Nb6 17. Nc3 Qa5 18. Qa1 Qxa1 19. Rxa1 Nf6 20. Raxa7 Rxa7 21. Rxa7 Nbxd5 22. Nxd5 Nxd5 23. Rd7 Nc3 24. Bc4 Ne4 25. Bd3 Bxf3 26. gxf3 Ng5 27. Kg2 Ne6 28. Rxd6 Rd8 29. Rc6 Nf4+ 30. Kg3 Nxd3 31. cxd3 g6 32. Rxc5 Rxd3 33. Rc4 Kg7 34. Rf4 f5 35. Ra4 Rd7 36. Rb4 g5 37. Rb5 Kg6 38. Rb6+ Kg7 39. Rb8 Rf7 40. f4 h6 41. Rb6 Ra7 42. fxg5 hxg5 43. Rb5 Kg6 44. Rb6+ Kh5 45. Rb8 Ra3+ 46. Kg2 Kg6 47. Rb6+ Kf7 48. Rb7+ 1/2-1/2

[Event "V Floripa Chess Open 2019"]
[Site "Florianopolis/SC"]
[Date "2019.01.27"]
[Round "10.34"]
[White "Borges, Wagner Da Silva"]
[Black "Tomiello, Lucas Costamilan"]
[Result "1/2-1/2"]
[WhiteElo "2156"]
[BlackElo "1990"]
[PlyCount "118"]
[EventDate "2019.01.21"]
[EventRounds "10"]
[EventCountry "BRA"]

1. d4 Nf6 2. Nf3 g6 3. Bf4 Bg7 4. e3 O-O 5. h3 d6 6. Be2 b6 7. Nbd2 Bb7 8. O-O Nbd7 9. Bh2 Ne4 10. Nxe4 Bxe4 11. Nd2 Bb7 12. c3 e5 13. Bf3 Qc8 14. Rc1 Re8 15. Re1 a5 16. a4 Nf8 17. Nc4 Ra7 18. e4 Qe6 19. d5 Qe7 20. b4 Ba6 21. Na3 f5 22. Be2 Bh6 23. Rb1 axb4 24. cxb4 Bxe2 25. Rxe2 Rea8 26. Nb5 Rxa4 27. Rc2 fxe4 28. Rxc7 Qf6 29. Nc3 Ra3 30. Nxe4 Qf5 31. f3 Ra2 32. Kh1 Nd7 33. g4 Rxh2+ 34. Kxh2 Ra2+ 35. Rc2 Rxc2+ 36. Qxc2 Qxf3 37. Qg2 Bf4+ 38. Kh1 Qd3 39. Ra1 Qxd5 40. Qa2 Qxa2 41. Rxa2 Kf7 42. Nxd6+ Ke6 43. Nc8 Kd5 44. Rc2 e4 45. Kg2 Kd4 46. Kf2 Kd3 47. Ra2 Bc1 48. Re2 Ne5 49. Nxb6 e3+ 50. Kf1 Nc6 51. Nd5 Nd4 52. Nf4+ Ke4 53. Ng2 Bd2 54. b5 Nxb5 55. Nxe3 Bxe3 56. Rb2 Nd4 57. Rb7 h5 58. gxh5 gxh5 59. Rh7 Nf5 1/2-1/2

[Event "V Floripa Chess Open 2019"]
[Site "Florianopolis/SC"]
[Date "2019.01.27"]
[Round "10.35"]
[White "Awoki, Daniel Teidi"]
[Black "Juliano, Joao Carlos Mazzini"]
[Result "1-0"]
[WhiteElo "2143"]
[BlackElo "1924"]
[PlyCount "111"]
[EventDate "2019.01.21"]
[EventRounds "10"]
[EventCountry "BRA"]

1. e4 e5 2. Bc4 Nf6 3. d3 Nc6 4. Nf3 Be7 5. c3 O-O 6. O-O d6 7. Bb3 Bg4 8. h3 Bh5 9. Re1 Na5 10. Bc2 c5 11. Nbd2 b5 12. Nf1 Nd7 13. Ne3 Nb6 14. Nf5 Bg6 15. Nxe7+ Qxe7 16. g4 f6 17. Nh4 Bf7 18. Nf5 Qc7 19. f4 Be6 20. Kh2 d5 21. Qf3 d4 22. Bd2 Nc6 23. cxd4 Bxf5 24. dxc5 Nd4 25. Bb3+ Nc4 26. Qd1 Be6 27. dxc4 bxc4 28. f5 cxb3 29. fxe6 Nc2 30. Rc1 Nxe1 31. Bxe1 bxa2 32. Qd5 Rfe8 33. Qxa2 Qc6 34. Qd5 Qxe6 35. c6 Rad8 36. Qc5 Rc8 37. c7 Qa6 38. Rc2 Qf1 39. Bf2 Kf7 40. Qxa7 Re7 41. Rc3 Kg6 42. Kg3 Qe2 43. Qb7 Ree8 44. b3 Qd2 45. Rc5 Qd7 46. Rc3 Qd2 47. Rc4 Qd3+ 48. Kg2 h5 49. gxh5+ Kxh5 50. Qb4 g5 51. Qc3 Qb1 52. Qf3+ Kg6 53. Rc6 Rf8 54. Bc5 Qc2+ 55. Kg3 Qc1 56. Qf5+ 1-0

[Event "V Floripa Chess Open 2019"]
[Site "Florianopolis/SC"]
[Date "2019.01.27"]
[Round "10.36"]
[White "Do Valle Cardoso, Lucas"]
[Black "Guimaraes, Artemis Pamela"]
[Result "1-0"]
[WhiteElo "2143"]
[BlackElo "1938"]
[PlyCount "51"]
[EventDate "2019.01.21"]
[EventRounds "10"]
[EventCountry "BRA"]

1. e4 e5 2. Nf3 Nc6 3. Bb5 Nf6 4. Nc3 Bd6 5. O-O O-O 6. Re1 a6 7. Ba4 Re8 8. d3 h6 9. Be3 Ng4 10. Nd5 Nxe3 11. Nxe3 b5 12. Bb3 Na5 13. c3 Nxb3 14. axb3 Bb7 15. b4 Bf8 16. Qb3 g6 17. h4 Bg7 18. h5 Re6 19. Rad1 Kh7 20. Nf1 d5 21. Ng3 Qd7 22. c4 d4 23. Rc1 Rae8 24. cxb5 axb5 25. Rc5 c6 26. Ra1 1-0

[Event "V Floripa Chess Open 2019"]
[Site "Florianopolis/SC"]
[Date "2019.01.27"]
[Round "10.37"]
[White "Takano, Nicholas Ryo"]
[Black "Moura, Eduardo Eugenio Cha"]
[Result "1/2-1/2"]
[WhiteElo "1954"]
[BlackElo "2134"]
[PlyCount "28"]
[EventDate "2019.01.21"]
[EventRounds "10"]
[EventCountry "BRA"]

1. e4 d6 2. d4 Nf6 3. Nc3 Nbd7 4. Be3 e5 5. d5 Be7 6. f3 c6 7. Qd2 O-O 8. O-O-O Nb6 9. g4 cxd5 10. exd5 Bd7 11. h4 Rc8 12. h5 Ne8 13. Kb1 f5 14. g5 f4 1/2-1/2

[Event "V Floripa Chess Open 2019"]
[Site "Florianopolis/SC"]
[Date "2019.01.27"]
[Round "10.38"]
[White "Teshima, Ricardo Yoshida"]
[Black "Lopes Fo, Jorge Antonio Ferre"]
[Result "1/2-1/2"]
[WhiteElo "1879"]
[BlackElo "2122"]
[PlyCount "33"]
[EventDate "2019.01.21"]
[EventRounds "10"]
[EventCountry "BRA"]

1. e4 c5 2. Nc3 Nc6 3. g3 d6 4. Bg2 g6 5. d3 Bg7 6. Be3 Rb8 7. Qd2 b5 8. Nge2 Nd4 9. Nc1 Bg4 10. Bxd4 cxd4 11. N3e2 Bh6 12. f4 e5 13. h3 Be6 14. O-O f6 15. c3 dxc3 16. bxc3 Ne7 17. Qb2 1/2-1/2

[Event "V Floripa Chess Open 2019"]
[Site "Florianopolis/SC"]
[Date "2019.01.27"]
[Round "10.39"]
[White "Sosa, Alexandro Brum"]
[Black "Riline, Alejandro"]
[Result "1/2-1/2"]
[WhiteElo "1807"]
[BlackElo "2107"]
[PlyCount "159"]
[EventDate "2019.01.21"]
[EventRounds "10"]
[EventCountry "BRA"]

1. c4 Nf6 2. g3 c6 3. Nf3 d5 4. Bg2 g6 5. b3 Bg7 6. Bb2 O-O 7. O-O Nbd7 8. Qc2 b6 9. d4 Bb7 10. Nc3 e6 11. e4 dxe4 12. Nxe4 Nxe4 13. Qxe4 Qc7 14. Qe2 a5 15. Rad1 Rfd8 16. Bc1 Re8 17. Bf4 Qc8 18. Ne5 Rd8 19. Rfe1 Nxe5 20. Bxe5 Bf8 21. Qf3 Be7 22. h4 Ra7 23. Qe3 Rd7 24. Qh6 Qf8 25. Qe3 h5 26. Bf4 Kh7 27. Be4 Qd8 28. Qf3 Bf6 29. Be3 Kg7 30. Bxc6 Bxc6 31. Qxc6 Bxd4 32. Bxd4+ Rxd4 33. Rxd4 Qxd4 34. Qe4 Qxe4 35. Rxe4 Rd7 36. Re5 Rd2 37. Rb5 Rxa2 38. Rxb6 Kf6 39. Rb7 Rb2 40. Rb5 e5 41. Kf1 Kf5 42. Rxa5 Rxb3 43. Ke2 Rc3 44. c5 Ke4 45. Ra4+ Kd5 46. Ra7 f5 47. Ra6 Ke4 48. Ra4+ Kd5 49. Ra6 Rxc5 50. Rxg6 Ke4 51. Ra6 Rc2+ 52. Kf1 f4 53. gxf4 Kxf4 54. Kg2 Rc4 55. Rg6 e4 56. Rg8 Rc2 57. Re8 Re2 58. Kf1 Ra2 59. Kg2 Ra4 60. Rg8 Ra5 61. Rg7 Ra2 62. Re7 Kf5 63. Kg3 Ra3+ 64. Kg2 Kf4 65. Rg7 Ra5 66. Re7 Rf5 67. Rg7 Re5 68. Rg3 Re8 69. Kf1 Rd8 70. Kg2 Rd2 71. Kf1 Rd1+ 72. Kg2 Rb1 73. Kh2 Rc1 74. Kg2 Rd1 75. Kh2 Rd3 76. Rg8 Kf3 77. Rf8+ Kg4 78. Kg2 Rf3 79. Re8 Kf4 80. Rf8+ 1/2-1/2

[Event "V Floripa Chess Open 2019"]
[Site "Florianopolis/SC"]
[Date "2019.01.27"]
[Round "10.40"]
[White "Heinechen, Juan"]
[Black "Silva, Kaua Marques"]
[Result "1-0"]
[WhiteElo "2105"]
[BlackElo "1894"]
[PlyCount "137"]
[EventDate "2019.01.21"]
[EventRounds "10"]
[EventCountry "BRA"]

1. e4 c5 2. Nf3 Nc6 3. d4 cxd4 4. Nxd4 Nf6 5. Nc3 e5 6. Ndb5 d6 7. Bg5 a6 8. Na3 b5 9. Nd5 Be7 10. Bxf6 Bxf6 11. c4 b4 12. Nc2 O-O 13. h4 a5 14. g3 Be7 15. Bh3 Be6 16. Qd3 Ra7 17. Rd1 Qc8 18. Bxe6 fxe6 19. Nxe7+ Nxe7 20. O-O Rd7 21. b3 Rf6 22. Qe3 Qc6 23. Rd2 Nc8 24. Rfd1 Rdf7 25. Ne1 h6 26. f3 Qc7 27. Rc2 Rg6 28. Kh2 Qe7 29. c5 Qa7 30. Qf2 d5 31. exd5 exd5 32. Rxd5 Ne7 33. Rxe5 Nf5 34. Nd3 Qc7 35. Nf4 Nxh4 36. Nxg6 Nxf3+ 37. Qxf3 Rxf3 38. Re8+ Kf7 39. Rf8+ Kxg6 40. Rxf3 h5 41. c6 h4 42. Kg2 hxg3 43. Rxg3+ Kf6 44. Rd3 Ke6 45. Re2+ Kf5 46. Rf3+ Kg5 47. Rc2 g6 48. Kf1 Kg4 49. Rff2 Kg5 50. Rc5+ Kh6 51. Rc4 Kg5 52. Ke1 Qe5+ 53. Kd1 Qa1+ 54. Rc1 Qd4+ 55. Rd2 Qg4+ 56. Kc2 Qe4+ 57. Kb2 Qe5+ 58. Kb1 Qc7 59. Rd7 Qe5 60. c7 Qf4 61. Rc2 Qf1+ 62. Kb2 Qf6+ 63. Kc1 Qf4+ 64. Rcd2 Qe5 65. Rg2+ Kh6 66. c8=Q Qe1+ 67. Kb2 Qe5+ 68. Kb1 a4 69. Rh2+ 1-0

[Event "V Floripa Chess Open 2019"]
[Site "Florianopolis/SC"]
[Date "2019.01.27"]
[Round "10.41"]
[White "Goncalves, Davi Sulzbacher"]
[Black "Salvadego, Matheus Henrique De"]
[Result "1-0"]
[WhiteElo "2313"]
[BlackElo "1844"]
[PlyCount "59"]
[EventDate "2019.01.21"]
[EventRounds "10"]
[EventCountry "BRA"]

1. d4 Nf6 2. c4 e6 3. g3 Bb4+ 4. Bd2 Qe7 5. Nf3 O-O 6. Bg2 Bxd2+ 7. Qxd2 d6 8. Nc3 e5 9. O-O h6 10. e4 a5 11. h3 b6 12. dxe5 dxe5 13. Nd5 Nxd5 14. Qxd5 c6 15. Qxe5 Qxe5 16. Nxe5 Re8 17. Nd3 Ba6 18. b3 Ra7 19. Rad1 Rae7 20. f4 Nd7 21. e5 Bb7 22. Rfe1 g5 23. Nf2 gxf4 24. gxf4 Kh8 25. Rd6 f6 26. Red1 Bc8 27. Bxc6 Rg8+ 28. Kf1 Reg7 29. Bxd7 Bb7 30. Bc6 1-0

[Event "V Floripa Chess Open 2019"]
[Site "Florianopolis/SC"]
[Date "2019.01.27"]
[Round "10.42"]
[White "Guimaraes, Wagner Peixoto"]
[Black "Maciel, Diogo Alves"]
[Result "1/2-1/2"]
[WhiteElo "2240"]
[BlackElo "1957"]
[PlyCount "46"]
[EventDate "2019.01.21"]
[EventRounds "10"]
[EventCountry "BRA"]

1. d4 Nf6 2. c4 e6 3. g3 c5 4. Nf3 cxd4 5. Nxd4 Nc6 6. Bg2 Qc7 7. O-O Nxd4 8. Qxd4 Bc5 9. Qd3 O-O 10. Nc3 a6 11. Bf4 d6 12. Rad1 Rd8 13. e4 Rd7 14. a3 b5 15. cxb5 axb5 16. Nxb5 Qb6 17. b4 Ba6 18. bxc5 dxc5 19. Qc3 Bxb5 20. Rb1 Qc6 21. Rfc1 Bd3 22. Rb2 Bxe4 23. Bf1 Nd5 1/2-1/2

[Event "V Floripa Chess Open 2019"]
[Site "Florianopolis/SC"]
[Date "2019.01.27"]
[Round "10.43"]
[White "Ichimura G. Barbosa, Larissa Y."]
[Black "Nery Junior, Jose Antonio"]
[Result "0-1"]
[WhiteElo "1967"]
[BlackElo "2188"]
[PlyCount "104"]
[EventDate "2019.01.21"]
[EventRounds "10"]
[EventCountry "BRA"]

1. e4 c5 2. Nf3 e6 3. d4 cxd4 4. Nxd4 Nf6 5. Nc3 d6 6. g4 h6 7. h3 Nc6 8. Be3 a6 9. Qd2 Nxd4 10. Qxd4 e5 11. Qb6 Qxb6 12. Bxb6 Be6 13. O-O-O Rc8 14. Bg2 Be7 15. Kb1 Rc6 16. Be3 Bc4 17. Nd5 Nxd5 18. exd5 Rc8 19. a4 a5 20. b3 Ba6 21. c4 Bg5 22. Bb6 Bd8 23. Be3 Kd7 24. Be4 g6 25. h4 Kc7 26. Rde1 b6 27. f4 Bf6 28. g5 exf4 29. Bxf4 hxg5 30. hxg5 Bc3 31. Rxh8 Rxh8 32. Re2 Rh4 33. Rf2 Bc8 34. Bd3 Bd4 35. Rf1 Bh3 36. Rh1 Rxf4 37. Rxh3 Rf2 38. Kc1 Kd7 39. Rg3 Be5 40. Rg4 Ke7 41. Kd1 Kf8 42. Bc2 Bf4 43. Be4 Be5 44. Bc2 Rh2 45. Bd3 Bc3 46. Rg3 Bd2 47. Rg4 Be3 48. Rg3 Rd2+ 49. Ke1 Rxd3 50. Ke2 Rxb3 51. Rxe3 Rxe3+ 52. Kxe3 f6 0-1

[Event "V Floripa Chess Open 2019"]
[Site "Florianopolis/SC"]
[Date "2019.01.27"]
[Round "10.44"]
[White "Januario, Severino Pereira"]
[Black "Volkmann, Andre Jordi"]
[Result "0-1"]
[WhiteElo "2173"]
[BlackElo "1955"]
[PlyCount "130"]
[EventDate "2019.01.21"]
[EventRounds "10"]
[EventCountry "BRA"]

1. e4 c6 2. Nc3 d5 3. Nf3 dxe4 4. Nxe4 Nf6 5. Ng3 Bg4 6. h3 Bxf3 7. Qxf3 e6 8. Bc4 Nbd7 9. Qe2 Bc5 10. O-O O-O 11. d3 Qc7 12. Kh1 Nb6 13. Bb3 Nbd5 14. c3 Rfe8 15. Ne4 Nxe4 16. dxe4 Nf4 17. Qf3 Ng6 18. Be3 Bxe3 19. Qxe3 Qf4 20. Qxf4 Nxf4 21. g3 Nd3 22. Rad1 Red8 23. Rd2 Nc5 24. Re2 Nxb3 25. axb3 Rd7 26. Kg2 Rad8 27. Rfe1 g5 28. Kf3 Kg7 29. Rc2 Rd3+ 30. Re3 Rd1 31. Ke2 Kf6 32. Rf3+ Ke7 33. g4 Rb1 34. h4 Rdd1 35. hxg5 Re1+ 36. Kd3 Rbd1+ 37. Rd2 Rxd2+ 38. Kxd2 Rxe4 39. Rg3 Re5 40. f4 Re4 41. Rf3 e5 42. Kd3 Re1 43. Kd2 Rg1 44. Re3 Rxg4 45. Rxe5+ Kf8 46. Rc5 Rg2+ 47. Kc1 Rf2 48. b4 a6 49. Kb1 Kg7 50. Ka2 Re2 51. Ka3 Re6 52. Ra5 Re4 53. Rf5 b6 54. Rf6 Re6 55. Rxe6 fxe6 56. Ka4 Kg6 57. c4 e5 58. fxe5 Kxg5 59. c5 bxc5 60. bxc5 h5 61. Ka5 h4 62. Kxa6 h3 63. Kb6 h2 64. Kxc6 h1=Q+ 65. Kc7 Kf5 0-1

[Event "V Floripa Chess Open 2019"]
[Site "Florianopolis/SC"]
[Date "2019.01.27"]
[Round "10.45"]
[White "Trois, Francisco R.T."]
[Black "Stapenhorst, Matheus Frederico"]
[Result "1-0"]
[WhiteElo "2163"]
[BlackElo "1947"]
[PlyCount "111"]
[EventDate "2019.01.21"]
[EventRounds "10"]
[EventCountry "BRA"]

1. Nf3 Nf6 2. c4 e6 3. b3 Be7 4. Bb2 O-O 5. e3 b6 6. Be2 Bb7 7. O-O d6 8. d4 c5 9. Nc3 Nbd7 10. d5 exd5 11. cxd5 Qc8 12. a4 Ba6 13. Bc4 Bxc4 14. bxc4 a5 15. Nd2 Ne8 16. Nb5 Nc7 17. Qg4 Nf6 18. Qg3 Nxb5 19. cxb5 Qg4 20. Qxg4 Nxg4 21. Nc4 Rab8 22. f3 Nh6 23. e4 f6 24. f4 Nf7 25. Rae1 Rfd8 26. Re3 Re8 27. Kf2 Bd8 28. Kf3 Bc7 29. g4 Kf8 30. h4 h6 31. Re2 Re7 32. Bc3 Rbe8 33. Rg1 Kg8 34. Bd2 Kf8 35. f5 Ne5+ 36. Nxe5 dxe5 37. g5 hxg5 38. hxg5 fxg5 39. Bxg5 Rd7 40. Rh2 Bd8 41. Rh8+ Kf7 42. Rxe8 Kxe8 43. Bxd8 Kxd8 44. Rg6 Kc7 45. Re6 Rd6 46. Rxe5 Kd7 47. Kf4 Rh6 48. Re6 Rxe6 49. dxe6+ Ke7 50. e5 Ke8 51. Ke4 Kf8 52. Kd5 Ke7 53. f6+ gxf6 54. exf6+ Ke8 55. f7+ Ke7 56. Ke5 1-0

[Event "V Floripa Chess Open 2019"]
[Site "Florianopolis/SC"]
[Date "2019.01.27"]
[Round "10.46"]
[White "Federzoni, Enzo"]
[Black "Diaz, Fernando"]
[Result "1-0"]
[WhiteElo "1930"]
[BlackElo "2095"]
[PlyCount "83"]
[EventDate "2019.01.21"]
[EventRounds "10"]
[EventCountry "BRA"]

1. d4 Nf6 2. Bf4 e6 3. Nf3 b6 4. e3 Be7 5. h3 c5 6. c3 Ba6 7. Bxa6 Nxa6 8. O-O O-O 9. e4 d5 10. exd5 Qxd5 11. Qe2 Qb7 12. a4 Rac8 13. Nbd2 Rfd8 14. Rfe1 Nb8 15. Bxb8 Qxb8 16. Ne5 Qb7 17. Ndf3 cxd4 18. Nxf7 Kxf7 19. Ng5+ Kf8 20. Nxe6+ Kg8 21. Nxd8 Bxd8 22. Rad1 dxc3 23. bxc3 Kf8 24. g4 Be7 25. g5 Ne8 26. Qe6 Bc5 27. Re5 Qc6 28. Rf5+ Nf6 29. Qxc6 Rxc6 30. gxf6 gxf6 31. Rd7 Be7 32. Rxa7 Kf7 33. Rf3 Kf8 34. Re3 Bd6 35. Rxh7 Be5 36. Rd3 Bd6 37. Rd7 Be5 38. Rb7 Bd6 39. Rd5 Ke8 40. Rh5 Bf8 41. Rhh7 Rc8 42. Rxb6 1-0

[Event "V Floripa Chess Open 2019"]
[Site "Florianopolis/SC"]
[Date "2019.01.27"]
[Round "10.47"]
[White "Furmam, Fernando Gustavo"]
[Black "Felix Simoes, Rodrigo"]
[Result "0-1"]
[WhiteElo "1910"]
[BlackElo "2083"]
[PlyCount "72"]
[EventDate "2019.01.21"]
[EventRounds "10"]
[EventCountry "BRA"]

1. d4 Nf6 2. c4 g6 3. Nc3 Bg7 4. e4 d6 5. f4 O-O 6. Nf3 c5 7. d5 e6 8. Be2 exd5 9. exd5 Bf5 10. O-O Ne4 11. Nxe4 Bxe4 12. Bd3 Re8 13. Bxe4 Rxe4 14. Qc2 Qe7 15. Bd2 Nd7 16. Rfe1 Re8 17. Rxe4 Qxe4 18. Qb3 Qf5 19. Qxb7 Nb6 20. Qc6 Re2 21. Re1 Rxe1+ 22. Bxe1 Qe4 23. Qxd6 Bd4+ 24. Kh1 Nxc4 25. Qd8+ Kg7 26. d6 Qe2 27. h4 Ne3 28. Qg5 h6 29. Qg3 Nf5 30. Qg4 h5 31. Qh3 Nxd6 32. Kh2 Nf5 33. b4 Nh6 34. Qg3 Ng4+ 35. Kh3 Qf1 36. Nh2 Qh1 0-1

[Event "V Floripa Chess Open 2019"]
[Site "Florianopolis/SC"]
[Date "2019.01.27"]
[Round "10.48"]
[White "Manzi, Luiz Antonio Bardar"]
[Black "Souza, Rodrigo Vilas Boas "]
[Result "1-0"]
[WhiteElo "2077"]
[BlackElo "1924"]
[PlyCount "77"]
[EventDate "2019.01.21"]
[EventRounds "10"]
[EventCountry "BRA"]

1. Nf3 Nf6 2. b3 g6 3. Bb2 Bg7 4. g3 O-O 5. Bg2 c5 6. c4 Nc6 7. O-O d6 8. d4 cxd4 9. Nxd4 Bd7 10. Nd2 Qb6 11. e3 a6 12. Rc1 Rac8 13. Qc2 Nb4 14. Qb1 e5 15. a3 Nc6 16. Nxc6 Bxc6 17. e4 Bh6 18. Bc3 Ng4 19. Rc2 f5 20. b4 fxe4 21. Nxe4 Ba4 22. c5 Bxc2 23. Qa2+ Kh8 24. cxb6 Bxe4 25. Bxe5+ dxe5 26. Bxe4 Rcd8 27. Qe6 Ne3 28. Re1 Nd1 29. Bxb7 Nxf2 30. Bxa6 Rde8 31. Qxe8 Nh3+ 32. Kg2 Rxe8 33. Kxh3 Bd2 34. Re4 Bc3 35. b7 Bd4 36. Re1 Bb2 37. a4 h5 38. Rb1 Bd4 39. Rc1 1-0

[Event "V Floripa Chess Open 2019"]
[Site "Florianopolis/SC"]
[Date "2019.01.27"]
[Round "10.49"]
[White "Marques, Eudes Pinto"]
[Black "Soares, Joao Carlos T. C."]
[Result "0-1"]
[WhiteElo "1896"]
[BlackElo "2077"]
[PlyCount "48"]
[EventDate "2019.01.21"]
[EventRounds "10"]
[EventCountry "BRA"]

1. Nf3 e6 2. c4 d5 3. e3 Nf6 4. b3 Be7 5. Bb2 O-O 6. Be2 a5 7. O-O a4 8. a3 axb3 9. Qxb3 Nc6 10. cxd5 exd5 11. d3 Na5 12. Qc2 c5 13. Nbd2 h6 14. Rab1 Bg4 15. Nb3 b6 16. Nxa5 Rxa5 17. Ne5 Bxe2 18. Qxe2 Qc7 19. Ng4 Qc6 20. Ne5 Qe6 21. f4 Bd6 22. Rf3 Re8 23. Rg3 Bxe5 24. Bxe5 Nd7 0-1

[Event "V Floripa Chess Open 2019"]
[Site "Florianopolis/SC"]
[Date "2019.01.27"]
[Round "10.50"]
[White "Barbosa, Flavio Novais"]
[Black "Carvalho, Rafael Cunha De"]
[Result "0-1"]
[WhiteElo "1886"]
[BlackElo "2071"]
[PlyCount "70"]
[EventDate "2019.01.21"]
[EventRounds "10"]
[EventCountry "BRA"]

1. d4 Nf6 2. Nf3 c5 3. c3 cxd4 4. cxd4 g6 5. Nc3 d5 6. Bf4 Bg7 7. e3 O-O 8. h3 Nc6 9. Be2 a6 10. Ne5 Nd7 11. Nxd7 Qxd7 12. Qb3 e5 13. Bxe5 Nxe5 14. dxe5 Bxe5 15. Nxd5 Qd8 16. O-O Be6 17. Rfd1 b5 18. f4 Bg7 19. Bf3 Ra7 20. Qc2 Rd7 21. Nc3 Qb6 22. Qf2 Rfd8 23. Rxd7 Rxd7 24. Rd1 Rxd1+ 25. Bxd1 Qa5 26. Qd2 Bxc3 27. bxc3 Bxa2 28. Qd4 Bc4 29. Qe4 Qc7 30. f5 a5 31. f6 a4 32. Qb1 a3 33. Kh1 Qb8 34. Bg4 a2 35. Qc1 Qa8 0-1